|
|
|
|
| LEADER |
01309nam a2200265 a 4500 |
| 001 |
4414677 |
| 008 |
100216r20071994maua b 001 0 eng d |
| 010 |
|
|
|a 93017803
|
| 020 |
|
|
|a 8177585487
|
| 040 |
|
|
|a DLC
|c DLC
|d DLC
|d BD-DhAA
|
| 082 |
0 |
0 |
|a 530.1/2
|2 20
|
| 100 |
1 |
|
|a Sakurai, J. J.
|q (Jun John),
|d 1933-1982.
|
| 245 |
1 |
0 |
|a Modern quantum mechanics /
|c J.J. Sakurai ; San Fu Tuan, editor.
|
| 250 |
|
|
|a Rev. ed.
|
| 260 |
|
|
|a Reading, Mass. :
|b Addison-Wesley Pub. Co., ;
|a New Delhi :
|b Pearson Education,
|c c1994 [Reprinted 2007]
|
| 300 |
|
|
|a x, 508 p. :
|b ill. ;
|c 25 cm.
|
| 504 |
|
|
|a Includes bibliographical references and index.
|
| 541 |
1 |
|
|e 00016375
|
| 650 |
|
0 |
|a Quantum theory.
|
| 700 |
1 |
|
|a Tuan, San Fu,
|d 1932-
|
| 852 |
4 |
|
|a Ayesha Abed Library
|j General shelf
|
| 999 |
|
|
|c 7568
|d 7568
|
| 952 |
|
|
|0 0
|1 0
|2 ddc
|4 0
|6 530_120000000000000_SAK_2007
|7 0
|9 8211
|a BRACUL
|b BRACUL
|c GEN
|d 2010-02-16
|l 7
|m 60
|o 530.12 SAK
|p 3010016375
|r 2021-11-14
|s 2021-03-04
|t 1
|w 2010-02-16
|y BK
|
| 952 |
|
|
|0 0
|1 0
|2 ddc
|4 0
|6 530_120000000000000_SAK_2007
|7 0
|9 10699
|a BRACUL
|b BRACUL
|c GEN
|d 2010-06-06
|l 10
|m 55
|o 530.12 SAK
|p 3010016376
|r 2026-04-27
|s 2025-12-03
|t 2
|w 2010-06-06
|y BK
|
| 952 |
|
|
|0 0
|1 0
|2 ddc
|4 0
|6 530_120000000000000_SAK_2007
|7 0
|9 14072
|a BRACUL
|b BRACUL
|c GEN
|d 2011-01-22
|l 8
|m 82
|o 530.12 SAK
|p 3010016374
|r 2025-02-09
|s 2025-02-04
|t 3
|w 2011-01-22
|y BK
|